| 000 | 00551nam a22001577a 4500 | ||
|---|---|---|---|
| 003 | NUST | ||
| 038 | _aNusrat Nadeem | ||
| 082 | _a200 | ||
| 100 | _aAyesha Aslam, | ||
| 245 |
_aPerformance Evaluation of Green Nanomaterial Assisted Microbial Electrolysis Cell for Biohydrogen Production / _cAslam, Ayesha |
||
| 264 |
_aIslamabad: _bUSPCAS-E NUST _c2026. |
||
| 650 |
_aPhD-Energy Systems Engineering _9123158 |
||
| 700 |
_aSupervisor: Dr. Rabia Liaquat _9117022 |
||
| 856 | _uhttp://10.250.8.41:8080/xmlui/handle/123456789/57304 | ||
| 942 |
_2ddc _cSC |
||
| 999 |
_c616397 _d616397 |
||